| 000 | 00548nam a2200205Ia 4500 | ||
|---|---|---|---|
| 005 | 20250203054202.0 | ||
| 008 | 240331s9999 xx 000 0 und d | ||
| 082 |
_bMIE _227 _a305.4 |
||
| 100 | _aMies, M | ||
| 100 | _aJayawardena, K | ||
| 245 | 0 |
_aFeminism in Europe: _bLiberal and Socialist Strategies 1789 - 1919 |
|
| 260 |
_aThe Hague _bInstitute of Social Studies _c1981 |
||
| 300 | _aiv, 208 p., | ||
| 650 | _aFeminism | ||
| 650 | _aSocialism | ||
| 650 | _aEurope | ||
| 650 | _aLiberalism | ||
| 650 | _aWomen's Emancipation | ||
| 942 | _cL | ||
| 999 |
_c1663 _d1663 |
||